Acta et decreta Concilii Antequerensis I : a die VIII decembris MDCCCXCII ad diem XII martii MDCCCXCIII Oaxacae celebrati /

Obra que reúne las actas y decretos del primer concilio celebrado en Oaxaca, entre el 8 de diciembre de 1892 al 12 de marzo de 1893, el cual fue convocado por el último obispo y primer arzobispo de Oaxaca Eulogio Gillow y Zavalza (1841-1922).

Guardat en:
Dades bibliogràfiques
Autor corporatiu: Iglesia Católica en México, Oaxaca. Arquidiócesis de Oaxaca
Format: Llibre
Idioma:llatí
Publicat: Roma, Italia : Tipografía Vaticana, 1894
Matèries:
Etiquetes: Afegir etiqueta
Sense etiquetes, Sigues el primer a etiquetar aquest registre!

MARC

LEADER 00000nam^a2200000^a^4500
001 000405005
005 20250526000000.0
009 20260310121819.633
037 |a Acervo Xavier Clavigero 
041 |a LAT 
082 |a 282. 720523  |b IGL 
110 |a Iglesia Católica en México, Oaxaca.  |b Arquidiócesis de Oaxaca 
245 1 0 |a Acta et decreta Concilii Antequerensis I :  |b a die VIII decembris MDCCCXCII ad diem XII martii MDCCCXCIII Oaxacae celebrati /  |c Iglesia Católica. 
264 1 |a Roma, Italia :  |b Tipografía Vaticana,  |c 1894 
300 |a VIII, 536 p. ;  |c 23.5 cm. 
336 |a texto  |b txt  |2 rdacontenido 
337 |a sin mediación  |b n  |2 rdamedio 
338 |a volumen  |b nc  |2 rdasoporte 
520 |a Obra que reúne las actas y decretos del primer concilio celebrado en Oaxaca, entre el 8 de diciembre de 1892 al 12 de marzo de 1893, el cual fue convocado por el último obispo y primer arzobispo de Oaxaca Eulogio Gillow y Zavalza (1841-1922). 
561 |a Ex libris de Residencia Angeles S.J., México 
561 |a Ex libris de Instituto de Literatura Puente Grande, Jal. 
561 |a Ex libris de Biblioteca Juniorado San José 
649 |a XX 
650 |a Iglesia Católica en Oaxaca -  |x Historia -  |y Porfirismo, 1876-1911 
650 |a Iglesia Católica en México -  |x Historia -  |y Porfirismo, 1876-1911 
650 |a Iglesia Católica en Oaxaca -  |x Documentos Doctrinales 
650 |a Iglesia Católica en México -  |x Documentos Doctrinales 
650 |a Concilios y Sínodos -  |z Oaxaca -  |x Historia -  |y Porfirismo, 1876-1911 -  |x Tema Principal 
650 |a Concilios y Sínodos -  |z México -  |x Historia -  |y Porfirismo, 1876-1911 
650 |a Catolicismo -  |z Oaxaca -  |x Historia -  |y Porfirismo, 1876-1911 
650 |a Catolicismo -  |z México -  |x Historia -  |y Porfirismo, 1876-1911 
650 |a Cristianismo -  |z Oaxaca -  |x Historia -  |y Porfirismo, 1876-1911 
650 |a Cristianismo -  |z México -  |x Historia -  |y Porfirismo, 1876-1911 
650 |a Religión -  |z Oaxaca -  |x Historia -  |y Porfirismo, 1876-1911 
650 |a Religión -  |z México -  |x Historia -  |y Porfirismo, 1876-1911 
910 |a Fondo General 
920 |a Impresos - Libros 
930 |a Libros Antiguos y Raros 
905 |a 108 
901 |a 0500300470  |b IT2  |c LRA  |i IA  |u 20250526 
902 |a https://opac.biblio.iteso.mx/vufind/Record/000405005